Connaissez-vous Chris Brown ? - Statistiques

Statistiques générales
  • Ce quiz a été pris 164 fois
  • Le résultat moyen est 9 sur 11
Statistiques - réponses
Question Réponse % Correct
Avec qui a-t-il été en couple ? Rihanna
99%
Comment s'appelle sa plus grande fille ? Royalty
93%
Quel est son surnom ? Breezy
91%
Où est-il né ? États Unis
91%
Qui a été son modèle ? Michael Jackson
91%
Quelle chanson n'est pas de lui ? My boo
81%
Quelle est sa date de naissance ? 5 mai 1989
79%
Quel est son vrai prénom ? Christopher Maurice Brown
78%
Quel est son signe astrologique ? Taureau
63%
Comment se nomme son tout premier album ? Chris Brown
55%
Comment se nomme son dernier album ? Breezy
45%
Aucun quiz correspondant
Distribution des résultats
% des personnes avec chaque résultat
Percentile par nombre de réponses
Votre historique - résultats
Vous n’avez pas pris ce quiz